Minden állomás- az első Magna Cum Laude-nagylemez slágere lett a második korong címadó dala

Bibliographic Details
Main Author: Puha, József, 1974- (Author)
Format: Article
Language:Hungarian
PhysicalDescription:Fotogr.
Subjects:

MARC

LEADER 00000nab a2200000 ar4500
001 vtls008954326
003 SK-MaSNL
005 20260319071317.0
008 060627c20060621xo ||||||o| 000 b|hun
015 |a SNBRB2006/06  |2 snkbucl 
038 |a SNKBUCL 
040 |a DSZK  |b slo  |c DSZK  |e AACR2 
041 0 |a hun 
044 |a xo  |c SK 
080 |a 78.071.2:784.66  |2 1997 
080 |a 784.66  |2 1997 
100 1 |a Puha, József,  |d 1974-  |4 aut  |9 841893 
245 1 0 |a Minden állomás-  |b az első Magna Cum Laude-nagylemez slágere lett a második korong címadó dala  |c Puha József 
300 |b Fotogr. 
610 2 7 |a Magna Cum Laude (hudobná skupina)  |2 snkbucl  |9 1035755 
630 0 7 |a Minden állomás- (nahrávka CD)  |2 snkbucl  |9 1067578 
650 0 7 |a nahrávky CD  |2 snkbucl  |9 19639 
655 7 |a recenzie  |2 snkbucl  |9 21907 
773 0 |t Új szó  |g Évf. 59, sz. 142 (21.6.2006), o. 9 
852 |a SNK  |b KIS3GCP 
852 |a DSZK  |b KIS3GCP 
958 |a HU 
958 |a RC 
999 |c 1754819  |d 1756749